000 00505nam a2200133Ia 4500
008 221007s9999 xx 000 0 und d
041 _aeng
082 _bWAG
100 _aWagadre Deepali - 2k131051; Dr.Gauri Heble - Guide & [Company Name] - Motilal Oswal Securities Ltd
_9103214
245 _aPerformance Analysis of Different Investment Options and Portfolio Management at Motilal Oswal Securities Ltd
260 _cSep-14
_bSavitribai Phule Pune University
_aPune
300 _a57p
906 _bGeneral
999 _c73543
_d73543